European Forecasting Group for the Construction Sector (Record no. 119449)

MARC details
000 -LEADER
fixed length control field 00838cam a2200193 4500
001 - CONTROL NUMBER
control field WS104717
008 - FIXED-LENGTH DATA ELEMENTS--GENERAL INFORMATION
fixed length control field 000000n 000 0 eng u
035 ## - SYSTEM CONTROL NUMBER
System control number (Sirsi) u104717
245 ## - TITLE STATEMENT
Title European Forecasting Group for the Construction Sector
520 ## - SUMMARY, ETC.
Summary, etc. Web site for this organisation which has extensive experience in the analysis and forecasting of construction market trends in Europe. It includes 19 economic and technical research institutes in Western and Central Europe. Includes details of events, publications and projections.
650 ## - SUBJECT ADDED ENTRY--TOPICAL TERM
Topical term or geographic name entry element EUROCONSTRUCT
650 ## - SUBJECT ADDED ENTRY--TOPICAL TERM
Topical term or geographic name entry element EUROPE
650 ## - SUBJECT ADDED ENTRY--TOPICAL TERM
Topical term or geographic name entry element FORECASTING
650 ## - SUBJECT ADDED ENTRY--TOPICAL TERM
Topical term or geographic name entry element INTERNATIONAL
650 ## - SUBJECT ADDED ENTRY--TOPICAL TERM
Topical term or geographic name entry element CONSTRUCTION INDUSTRY
690 ## - LOCAL SUBJECT ADDED ENTRY--TOPICAL TERM (OCLC, RLIN)
Topical term or geographic name as entry element BUILT ENVIRONMENT
856 40 - ELECTRONIC LOCATION AND ACCESS
Uniform Resource Identifier <a href="https://www.euroconstruct.com/">https://www.euroconstruct.com/</a>
Public note View the website free of charge at www.euroconstruct.com/...
942 ## - ADDED ENTRY ELEMENTS (KOHA)
Suppress in OPAC 0
Holdings
Withdrawn status Lost status Source of classification or shelving scheme Damaged status Not for loan Home library Current library Shelving location Date acquired Total Checkouts Full call number Barcode Date last seen Copy number Price effective from Koha item type
    Dewey Decimal Classification     Virtual Virtual Online 08/03/2000   WEB SITE 104717-2001 06/08/2019 1 06/08/2019 Online material